Indian standard specification for jig bushes (Record no. 5290)

MARC details
000 -LEADER
fixed length control field 00610nam a2200193Ia 4500
003 - CONTROL NUMBER IDENTIFIER
control field IN-BaIIA
008 - FIXED-LENGTH DATA ELEMENTS--GENERAL INFORMATION
fixed length control field 211028s9999 xx 000 0 eng d
040 ## - CATALOGING SOURCE
Transcribing agency IIA Library
080 ## - UNIVERSAL DECIMAL CLASSIFICATION NUMBER
Universal Decimal Classification number 083.7:621.95
Item number ISI
110 ## - MAIN ENTRY--CORPORATE NAME
Corporate name or jurisdiction name as entry element Indian Standards Institution
245 #0 - TITLE STATEMENT
Title Indian standard specification for jig bushes
Remainder of title pt. 1, headed and headless jig bushes
Statement of responsibility, etc. Indian Standards Institution
260 ## - PUBLICATION, DISTRIBUTION, ETC.
Place of publication, distribution, etc. New Delhi
Name of publisher, distributor, etc. Indian Standards Institution
Date of publication, distribution, etc. 1972
300 ## - PHYSICAL DESCRIPTION
Extent 3p.
500 ## - GENERAL NOTE
General note IS 666 : Part 1 : 1972
650 ## - SUBJECT ADDED ENTRY--TOPICAL TERM
Topical term or geographic name entry element Jig Bushes-Standards
9 (RLIN) 9275
650 ## - SUBJECT ADDED ENTRY--TOPICAL TERM
Topical term or geographic name entry element NASA Thesaurus
650 ## - SUBJECT ADDED ENTRY--TOPICAL TERM
Topical term or geographic name entry element Standards
9 (RLIN) 8876
942 ## - ADDED ENTRY ELEMENTS (KOHA)
Koha item type Books
Holdings
Withdrawn status Lost status Damaged status Not for loan Home library Current library Shelving location Date acquired Cost, normal purchase price Total Checkouts Full call number Barcode Date last seen Cost, replacement price Price effective from Koha item type Purchase Price
        IIA Library-Bangalore IIA Library-Bangalore General Stacks 28/12/1976 6.00   083.7:621.95/ ISI 5898 05/11/2021 6.00 28/12/1976 Books Rs. 6.00

Powered by Koha